| 000 | 00325nam a2200133 a 4500 | ||
|---|---|---|---|
| 001 | 5615 | ||
| 003 | CDMR | ||
| 005 | 20130116135310.0 | ||
| 008 | 130130s1993||||||||||||||||||||||||||||d | ||
| 040 |
_aCDMR _bcat _cCPC GIRONA |
||
| 245 | 4 |
_aThe Mercator Media Guide (vol _b1) |
|
| 260 |
_c1993 _bUniversity of Wales Press |
||
| 942 | _cMON | ||
| 999 |
_c5615 _d5615 |
||